000 00434nam a2200181Ia 4500
003 IT-RoPAU
005 20220918175402.0
008 120407s9999 xx 000 0 und d
040 _aIT-RoPAU
040 _cIT-RoPAU
100 _aCl. Marc
_934160
245 _aS. Alphonsi Mariae de Liguoro. Doctrina moralis (vol. I)
260 _aLugduni
300 _c cm
490 _v1
700 _aX. Gestermann
_934261
942 _cBK
_2ddc
999 _c7907
_d7907